De la celulación primitiva (Record no. 152895)

MARC details
000 -LEADER
campo de control de longitud fija 00733nam a2200169 i 4500
001 - NÚMERO DE CONTROL
campo de control 152895
003 - IDENTIFICADOR DE NÚMERO DE CONTROL
campo de control ES-MaACL
005 - FECHA Y HORA DE LA ÚLTIMA TRANSACCIÓN
campo de control 20230906204921.0
008 - DATOS DE LONGITUD FIJA--INFORMACIÓN GENERAL
campo de control de longitud fija 020906s1875 sp |||| | spa d
100 1# - ENTRADA PRINCIPAL--NOMBRE DE PERSONA
Nombre de persona Busto y López, Andrés del.
9 (RLIN) 32918
245 10 - MENCIÓN DEL TÍTULO
Título De la celulación primitiva
Resto del título : memoria leída en la Sociedad Histólogica de Madrid en la sesión pública celebrada el día 25 de enero de 1875 /
Mención de responsabilidad, etc. por Andrés del Busto y López.
260 ## - PUBLICACIÓN, DISTRIBUCIÓN, ETC.
Lugar de publicación, distribución, etc. Madrid :
Nombre del editor, distribuidor, etc. [s.n.],
Fecha de publicación, distribución, etc. 1875 (
Fabricante Imprenta de José M. Ducazcal)
300 ## - DESCRIPCIÓN FÍSICA
Extensión 28 p. ;
Dimensiones 20 cm.
650 #4 - PUNTO DE ACCESO ADICIONAL DE MATERIA--TÉRMINO DE MATERIA
Término de materia o nombre geográfico como elemento de entrada Histología.
9 (RLIN) 164981
710 2# - ENTRADA AGREGADA--NOMBRE DE ENTIDAD CORPORATIVA
Nombre de entidad corporativa o nombre de jurisdicción como elemento de entrada Sociedad Histológica de Madrid.
9 (RLIN) 6783
852 ## - LOCALIZACIÓN
Ubicación ES-MaACL
Número de control de estantería T-623-F-9
Nota libre - Enc. hol., falto de cub. original
-- - Enc. en un vol. facticio
Holdings
Estatus retirado Estado de pérdida Estado de daño No para préstamo Colección Biblioteca de origen Biblioteca actual Ubicación en estantería Fecha de adquisición Total de préstamos Signatura topográfica completa Código de barras Visto por última vez Precio de reemplazo Tipo de ítem Koha
        Colección de folletos Biblioteca del Ateneo de Madrid Biblioteca del Ateneo de Madrid Depósito folletos 17/01/2008   T-623-F-9 1159696 23/02/2023 23/02/2023 Folleto